[Event "TCh-CHN 2018"]
[Site "China CHN"]
[Date "2018.07.11"]
[Round "9.4"]
[Board "2"]
[White "Vidit, Santosh Gujrathi"]
[Black "Liu, Qingnan"]
[Result "1-0"]
[WhiteTitle "GM"]
[BlackTitle "GM"]
[WhiteElo "2702"]
[BlackElo "2538"]
[WhiteTeam "Chengdu Beilei Youth Chess Club"]
[BlackTeam "Shenzhen Longgang Chess association"]
[WhiteFideId "5029465"]
[BlackFideId "8603294"]
[EventDate "2018.04.11"]

1. e4 e5 2. Nf3 Nc6 3. Bb5 g6 4. O-O Bg7 5. c3 a6 6. Ba4 d6 7. d4 Bd7 8. Re1 Nf6
9. h3 O-O 10. Nbd2 Re8 11. Bc2 h6 12. Nf1 b5 13. Ng3 Na5 14. b3 Nh7 15. dxe5
dxe5 16. Be3 h5 17. Qe2 Qe7 18. Red1 Nb7 19. a4 Bc6 20. axb5 axb5 21. Bd3 h4 22.
Nf1 Rxa1 23. Rxa1 Rd8 24. b4 f5 25. N1d2 Qd7 26. Ra6 f4 27. Ba7 Nd6 28. Bc2 Bf6
29. Nb3 Nb7 30. Bc5 Kg7 31. Ra1 Qe6 32. Ra7 Nf8 33. Na5 Nxa5 34. Rxc7+ Nd7 35.
bxa5 Ra8 36. Qd1 Bd8 37. Bb3 Bxc7 38. Bxe6 Nxc5 39. Bd5 Rd8 40. Qa1 Bxd5 41.
exd5 Kf6 42. a6 Ra8 43. a7 Bb6 44. Qb1 Rxa7 45. Qxb5 Nd7 46. Nd2 Kf5 47. Qc6 Kg5
48. Ne4+ Kf5 49. Nd2 Kg5 50. Qe6 Kh6 51. Ne4 Ra1+ 52. Kh2 Re1 53. Qg4 Rxe4 54.
Qxh4+ Kg7 55. Qe7+ Kh6 56. Qh4+ Kg7 57. f3 Re2 58. Qe7+ Kh6 59. Qh4+ Kg7 60.
Qe7+ Kh6 61. Qxd7 Bf2 62. h4 Bxh4 63. Qh3 g5 64. Qe6+ Kh5 65. Qf7+ Kh6 66. Kh3
e4 67. Kg4 exf3 68. Kf5 Re5+ 69. Kxe5 fxg2 70. Ke4 1-0

[Event "TCh-CHN 2018"]
[Site "China CHN"]
[Date "2018.07.11"]
[Round "9.4"]
[Board "4"]
[White "Zhang, Xiaowen"]
[Black "Gunina, Valentina"]
[Result "0-1"]
[WhiteTitle "WGM"]
[BlackTitle "GM"]
[WhiteElo "2318"]
[BlackElo "2497"]
[WhiteTeam "Shenzhen Longgang Chess association"]
[BlackTeam "Chengdu Beilei Youth Chess Club"]
[WhiteFideId "8603219"]
[BlackFideId "4167570"]
[EventDate "2018.04.11"]

1. e4 c6 2. d4 d5 3. Nc3 dxe4 4. Nxe4 Bf5 5. Ng3 Bg6 6. h4 h6 7. Nf3 Nd7 8. h5
Bh7 9. Bd3 Bxd3 10. Qxd3 e6 11. Bd2 Ngf6 12. O-O-O Bd6 13. Ne4 Nxe4 14. Qxe4 Nf6
15. Qe2 Bc7 16. c4 b5 17. Kb1 bxc4 18. Qxc4 O-O 19. Ne5 c5 20. Bc3 Bxe5 21. dxe5
Nd5 22. Qxc5 Rc8 23. Qa5 Qg5 24. Bd4 Qxg2 25. Qd2 Rfd8 26. Ka1 Qf3 27. Rdg1 Kh8
28. Rh4 a5 29. a3 Qb3 30. Rhg4 Rc2 31. Qxa5 Rdc8 32. Qe1 Nb4 33. axb4 Ra8+ 34.
Kb1 Qd3 0-1

[Event "TCh-CHN 2018"]
[Site "China CHN"]
[Date "2018.07.11"]
[Round "9.4"]
[Board "5"]
[White "Ushenina, Anna"]
[Black "Ren, Xiaoyi"]
[Result "1-0"]
[WhiteTitle "GM"]
[WhiteElo "2440"]
[BlackElo "2256"]
[WhiteTeam "Shenzhen Longgang Chess association"]
[BlackTeam "Chengdu Beilei Youth Chess Club"]
[WhiteFideId "14110911"]
[BlackFideId "8608709"]
[EventDate "2018.04.11"]

1. d4 d5 2. c4 e6 3. Nf3 Nf6 4. g3 dxc4 5. Bg2 c6 6. O-O Be7 7. Ne5 Nbd7 8. Nxc4
O-O 9. Nc3 Nb6 10. Ne5 Nbd7 11. Nf3 Qc7 12. Bf4 Bd6 13. Bxd6 Qxd6 14. e4 e5 15.
Re1 Qe7 16. d5 Rd8 17. Qb3 Nb6 18. a4 cxd5 19. exd5 e4 20. Ng5 Bf5 21. Ngxe4
Nfxd5 22. a5 Qb4 23. Nd2 Qxb3 24. Nxb3 Nxc3 25. axb6 Nd5 26. bxa7 Kf8 27. Nc5 b6
28. Re5 Be6 29. Rxe6 fxe6 30. Nxe6+ 1-0

[Event "TCh-CHN 2018"]
[Site "China CHN"]
[Date "2018.07.11"]
[Round "9.5"]
[Board "1"]
[White "Sethuraman, S.P."]
[Black "Zou, Chen"]
[Result "1-0"]
[WhiteTitle "GM"]
[BlackTitle "FM"]
[WhiteElo "2664"]
[BlackElo "2384"]
[WhiteTeam "Shandong Jingzhi Team"]
[BlackTeam "Hangzhou Turbine Team"]
[WhiteFideId "5021596"]
[BlackFideId "8610959"]
[EventDate "2018.04.11"]

1. e4 c5 2. Nc3 d6 3. d4 cxd4 4. Qxd4 Nc6 5. Qd2 Nf6 6. b3 g6 7. Bb2 Bg7 8.
O-O-O O-O 9. Kb1 Qa5 10. f3 e5 11. Nge2 Rd8 12. g4 Be6 13. g5 Nh5 14. h4 Kh8 15.
Bh3 Ne7 16. Bg4 Qb6 17. Bxh5 gxh5 18. Ng3 d5 19. Nxh5 d4 20. Nxg7 Kxg7 21. Ne2
a5 22. g6 fxg6 23. h5 a4 24. hxg6 hxg6 25. Qg5 Nc6 26. Rdg1 Bf7 27. Ng3 Rg8 28.
Ba3 1-0

[Event "TCh-CHN 2018"]
[Site "China CHN"]
[Date "2018.07.11"]
[Round "9.5"]
[Board "2"]
[White "Wen, Yang"]
[Black "Xiang, Zeyu"]
[Result "1-0"]
[WhiteTitle "GM"]
[WhiteElo "2604"]
[BlackElo "2435"]
[WhiteTeam "Shandong Jingzhi Team"]
[BlackTeam "Hangzhou Turbine Team"]
[WhiteFideId "8602956"]
[BlackFideId "8608547"]
[EventDate "2018.04.11"]

1. e4 e5 2. Nf3 Nf6 3. Nxe5 d6 4. Nf3 Nxe4 5. Nc3 Nxc3 6. dxc3 Be7 7. Be3 Nc6 8.
Bd3 Bf6 9. Qe2 O-O 10. O-O-O Re8 11. h4 h6 12. Rdg1 Bg4 13. Qd2 Qd7 14. Kb1 Rab8
15. a3 d5 16. Nd4 Nxd4 17. cxd4 c5 18. dxc5 d4 19. Bf4 Rbc8 20. f3 Be6 21. g4
Qd5 22. b3 Be5 23. g5 Bxf4 24. Qxf4 h5 25. g6 f6 26. Re1 Rxc5 27. Rh2 Rc3 28.
Rxe6 Qxe6 29. Re2 Qc8 30. Rxe8+ Qxe8 31. Qxd4 Rc8 32. Qd5+ Kf8 33. Qxb7 Rd8 34.
Qxa7 Qe7 35. Qa5 Rd4 36. Qxh5 Qe1+ 37. Ka2 Rxh4 38. Qd5 Qe7 39. Bc4 Rh8 40. a4 1-0

[Event "TCh-CHN 2018"]
[Site "China CHN"]
[Date "2018.07.11"]
[Round "9.5"]
[Board "3"]
[White "Zhao, Jun"]
[Black "Lin, Yi"]
[Result "1-0"]
[WhiteTitle "GM"]
[WhiteElo "2607"]
[BlackElo "2359"]
[WhiteTeam "Shandong Jingzhi Team"]
[BlackTeam "Hangzhou Turbine Team"]
[WhiteFideId "8602522"]
[BlackFideId "8609659"]
[EventDate "2018.04.11"]

1. e4 e5 2. Bc4 Nf6 3. d3 c6 4. Nf3 d5 5. Bb3 a5 6. a3 a4 7. Ba2 Bd6 8. Nc3 Be6
9. O-O Nbd7 10. Ng5 O-O 11. Ne2 Nc5 12. Nxe6 fxe6 13. Ng3 Kh8 14. Qe2 Qb6 15.
Rb1 Ncd7 16. Be3 Bc5 17. Bxc5 Qxc5 18. c3 b5 19. Rbd1 Qb6 20. d4 Rae8 21. Bb1
dxe4 22. dxe5 Nxe5 23. Nxe4 Nc4 24. Nxf6 Rxf6 25. Qh5 g6 26. Bxg6 1-0

[Event "TCh-CHN 2018"]
[Site "China CHN"]
[Date "2018.07.11"]
[Round "9.5"]
[Board "4"]
[White "Zhou, Zirun"]
[Black "Yan, Tianqi"]
[Result "1-0"]
[WhiteElo "2152"]
[BlackElo "2098"]
[WhiteTeam "Hangzhou Turbine Team"]
[BlackTeam "Shandong Jingzhi Team"]
[WhiteFideId "8610975"]
[BlackFideId "8615250"]
[EventDate "2018.04.11"]

1. d4 Nf6 2. c4 e6 3. Nc3 Bb4 4. Bd2 O-O 5. Nf3 d5 6. e3 c6 7. Bd3 dxc4 8. Bxc4
Nbd7 9. O-O Qe7 10. a3 Bd6 11. h3 e5 12. Qc2 h6 13. Nh4 Nb6 14. Bb3 e4 15. Ng6
Qe8 16. Nxf8 Bxf8 17. f3 exf3 18. Rxf3 Be6 19. Raf1 Nbd5 20. e4 Nxc3 21. bxc3
Bxb3 22. Qxb3 Qxe4 23. Bxh6 Qg6 24. Bf4 b5 25. Be5 Be7 26. Rg3 Qh6 27. a4 a6 28.
Qa2 Rf8 29. axb5 axb5 30. Rf5 Ne8 31. Qe2 Qe6 32. Qd3 f6 33. Bf4 Bd6 34. Re3 Qd7
35. Re1 Bxf4 36. Rxf4 f5 37. Qe3 Nc7 38. Rf3 Re8 39. Qf2 g6 40. Rxe8+ Qxe8 41.
Qg3 Nd5 42. Rxf5 Nxc3 43. Re5 Ne2+ 44. Kf2 Nxg3 45. Rxe8+ Kf7 46. Rc8 Nf5 47.
Rxc6 Nxd4 48. Rb6 Kg7 49. Ke3 Nf5+ 50. Kf4 Kh6 51. Rxb5 Ng7 52. Re5 Nh5+ 53. Kf3
Nf6 54. h4 Nd7 55. Re7 Nf6 56. g4 g5 57. Re6 Kg6 58. h5+ Kg7 59. Rxf6 1-0

[Event "TCh-CHN 2018"]
[Site "China CHN"]
[Date "2018.07.11"]
[Round "9.5"]
[Board "5"]
[White "Zhao, Shengxin"]
[Black "Huang, Qian"]
[Result "0-1"]
[WhiteTitle "WFM"]
[BlackTitle "WGM"]
[WhiteElo "2133"]
[BlackElo "2444"]
[WhiteTeam "Hangzhou Turbine Team"]
[BlackTeam "Shandong Jingzhi Team"]
[WhiteFideId "8608040"]
[BlackFideId "8602689"]
[EventDate "2018.04.11"]

1. d4 d5 2. c4 dxc4 3. Nf3 c5 4. e3 cxd4 5. Qxd4 Qxd4 6. Nxd4 a6 7. Bxc4 e6 8.
O-O Nf6 9. Be2 Bc5 10. Nc3 b5 11. Bf3 Ra7 12. Nb3 Be7 13. e4 Nc6 14. Be3 Rd7 15.
Bc5 Bxc5 16. Nxc5 Rd2 17. Nb3 Rd8 18. a3 Ke7 19. Rfd1 g5 20. h3 h5 21. Rxd8 Rxd8
22. g3 g4 23. hxg4 hxg4 24. Be2 Nd4 25. Nxd4 Rxd4 26. Rd1 e5 27. b4 Bb7 28. a4
Rxb4 29. Bxb5 Rb3 30. Rc1 Nxe4 31. Nxe4 Rxb5 32. Nd2 Bd5 33. Nf1 Bf3 34. Ne3 Ke6
35. Ra1 Rb6 36. Re1 f6 37. Ng2 f5 38. Nf4+ Kf6 39. Ng2 Rb5 40. Rc1 Be4 41. Ra1
Kg5 42. Rc1 Rb2 43. Ra1 Rb5 44. Rc1 Ra5 45. Re1 Ba8 46. Rc1 f4 47. gxf4+ exf4
48. Rc2 Bd5 49. Kh2 Kf5 50. Rb2 Rxa4 51. Rb5 Rd4 52. Rb2 Kg5 53. Rc2 Rd3 54. Kg1
Kf5 55. Rb2 Rd4 56. Nh4+ Ke5 57. Ng2 Rd3 58. Re2+ Be4 59. Rb2 f3 60. Rb5+ Bd5
61. Nh4 Kf6 62. Rb6+ Kg5 63. Ng6 Rd1+ 64. Kh2 Rf1 65. Ne7 Rxf2+ 66. Kg1 Rg2+ 67.
Kh1 Be4 68. Rb5+ Kf4 69. Ng6+ 0-1

[Event "TCh-CHN 2018"]
[Site "China CHN"]
[Date "2018.07.11"]
[Round "9.6"]
[Board "1"]
[White "Harikrishna, Pentala"]
[Black "Zhou, Weiqi"]
[Result "1-0"]
[WhiteTitle "GM"]
[BlackTitle "GM"]
[WhiteElo "2729"]
[BlackElo "2597"]
[WhiteTeam "China Mobil Shanghai Chess Club"]
[BlackTeam "Chongqing Team"]
[WhiteFideId "5007003"]
[BlackFideId "8601674"]
[EventDate "2018.04.11"]

1. e4 e6 2. d4 d5 3. Nd2 Be7 4. e5 c5 5. c3 Nc6 6. Bd3 cxd4 7. cxd4 Qb6 8. Ndf3
Bd7 9. Ne2 Nb4 10. Bb1 Bb5 11. O-O Qa6 12. Re1 Bd3 13. Bd2 Bxb1 14. Rxb1 Qxa2
15. Nf4 Qa6 16. Nh5 Kf8 17. Re3 Qb6 18. Rc1 Nc6 19. Qa4 a6 20. h3 g6 21. Rb3 Qa7
22. Nf4 Kg7 23. Ba5 b5 24. Qa2 Nxa5 25. Qxa5 Bd8 26. Qb4 Ne7 27. g4 Rc8 28. Rxc8
Nxc8 29. Rc3 Qe7 30. Qb3 Qd7 31. Nd3 Nb6 32. Nc5 Qa7 33. Qa2 Be7 34. Qxa6 Qxa6
35. Nxa6 Ra8 36. Nc7 b4 37. Rc6 Rc8 38. Nxe6+ fxe6 39. Rxb6 Kf7 40. Rb7 Ke8 41.
h4 Rc2 42. Rb8+ Kf7 43. g5 Rxb2 44. Nh2 b3 45. Ng4 Ba3 46. Nf6 Rb1+ 47. Kg2 b2
48. Rb7+ Be7 49. Nxh7 Rd1 50. Rxb2 Rxd4 51. Kg3 Rb4 52. Rxb4 Bxb4 53. Nf6 Be1
54. Kf3 Bc3 55. Ng4 Ke7 56. Ke3 Kf7 57. Kd3 Be1 58. Ke2 Bc3 59. f4 Bb2 60. Nf2
Kg7 61. Nd3 Bd4 62. Kf3 Bb6 63. Kg4 Bd4 64. h5 gxh5+ 65. Kxh5 Be3 66. Kg4 Kg6
67. Ne1 Bf2 68. Ng2 Bd4 69. Nh4+ Kg7 70. f5 Bxe5 71. fxe6 d4 72. Nf3 d3 73. e7 1-0

[Event "TCh-CHN 2018"]
[Site "China CHN"]
[Date "2018.07.11"]
[Round "9.6"]
[Board "3"]
[White "Xu, Yi"]
[Black "Andreikin, Dmitry"]
[Result "0-1"]
[WhiteTitle "IM"]
[BlackTitle "GM"]
[WhiteElo "2533"]
[BlackElo "2719"]
[WhiteTeam "China Mobil Shanghai Chess Club"]
[BlackTeam "Chongqing Team"]
[WhiteFideId "8605564"]
[BlackFideId "4158814"]
[EventDate "2018.04.11"]

1. e4 d5 2. exd5 Qxd5 3. Nc3 Qd6 4. d4 Nf6 5. Nf3 c6 6. Ne5 Nbd7 7. Nc4 Qc7 8.
Qf3 Nb6 9. Ne5 Be6 10. Bf4 Qc8 11. Be2 g6 12. O-O Bg7 13. h3 O-O 14. Rad1 a5 15.
a3 a4 16. Rfe1 Rd8 17. Bd3 Ra5 18. Ne2 Nfd7 19. Nxd7 Qxd7 20. Bd2 Bd5 21. Qf4
Raa8 22. Bb4 Bc4 23. Qg3 Bxd3 24. Qxd3 Nd5 25. Bd2 b5 26. Ng3 Nb6 27. Qe2 Nc4
28. Bc1 Re8 29. c3 Rad8 30. Ne4 Qd5 31. Nd2 Nxd2 32. Bxd2 Qb3 33. Bf4 Rd5 34.
Rd2 e6 35. Qd1 Qc4 36. Qe2 Red8 37. Qxc4 bxc4 38. Ree2 g5 39. Be3 h5 40. g3 Kh7
41. f4 g4 42. h4 Kg6 43. Kf1 f6 44. Ke1 Bf8 45. Bf2 Kf5 46. Kd1 Bd6 47. Be3 Rb8
48. Ke1 Re8 49. Rf2 Bc7 50. Kd1 Bb6 51. Ke1 Red8 52. Rfe2 R8d7 53. Rf2 Bc7 54.
Kd1 Bd6 55. Ke1 Rb7 56. Kd1 Kg6 57. Ke1 Rb3 58. Rfe2 Kf5 59. Rc2 Rb8 60. Rf2 Bc7
61. Rcd2 Ba5 62. Kd1 Rdb5 63. Rc2 Rd8 64. Ke1 Rbd5 65. Rcd2 Bb6 66. Kd1 Kg6 67.
Ke1 R8d7 68. Rfe2 Bc7 69. Rf2 Rf5 70. Ke2 Rdd5 71. Ke1 e5 72. fxe5 fxe5 73. Rxf5
Kxf5 74. dxe5 Bxe5 75. Rf2+ Ke4 76. Bf4 Bxf4 77. Rxf4+ Ke3 78. Rf6 Rb5 79. Rf2
Rb8 80. Kf1 Rd8 81. Rf4 Rd1+ 82. Kg2 Rd2+ 0-1

[Event "TCh-CHN 2018"]
[Site "China CHN"]
[Date "2018.07.11"]
[Round "9.6"]
[Board "5"]
[White "Lei, Tingjie"]
[Black "Ni, Shiqun"]
[Result "1/2-1/2"]
[WhiteTitle "GM"]
[BlackTitle "WGM"]
[WhiteElo "2457"]
[BlackElo "2436"]
[WhiteTeam "Chongqing Team"]
[BlackTeam "China Mobil Shanghai Chess Club"]
[WhiteFideId "8605114"]
[BlackFideId "8608466"]
[EventDate "2018.04.11"]

1. e4 e5 2. Nf3 Nf6 3. Nxe5 d6 4. Nf3 Nxe4 5. d4 d5 6. Bd3 Bf5 7. O-O Be7 8. Ne5
Nd7 9. Nc3 Nxc3 10. bxc3 Bxd3 11. cxd3 O-O 12. Rb1 Rb8 13. Ng4 b5 14. Ne3 c6 15.
Nf5 g6 16. Qg4 Kh8 17. Nxe7 Qxe7 18. Bf4 Rbe8 19. a4 a6 20. axb5 cxb5 21. Qg3
Qe2 22. Bh6 Rg8 23. h4 Qe6 24. Ra1 f6 25. Bf4 Qc6 26. Qf3 Re7 27. Rfc1 Rc8 28.
c4 dxc4 29. d5 Qb7 30. dxc4 Rxc4 31. Re1 Rf7 32. Re8+ Kg7 33. h5 g5 34. h6+ Kxh6
35. Bxg5+ Kg7 36. Qg3 Nf8 37. Be3+ Ng6 38. d6 Qd7 39. Ra8 Qg4 40. Qxg4 Rxg4 41.
R1xa6 Ne5 42. Rb8 Rb4 43. f3 Rd7 44. Bc5 Rb1+ 45. Kh2 Kf7 46. f4 Nd3 47. Be3 Ke6
48. Rbb6 Re1 49. f5+ Kxf5 50. Rxb5+ Ke6 51. Rb8 Ne5 52. Bc5 Re2 53. Ba3 Ra2 54.
Rba8 Rd2 55. Re8+ Kf7 56. Re7+ Kg6 57. Ra5 R7xd6 58. Bxd6 Rxd6 59. Ra8 h6 60.
Kg3 Rd3+ 61. Kf4 Rd4+ 62. Ke3 Rb4 63. Ra6 Kg5 64. Re8 Ng4+ 65. Kd3 Ne5+ 66. Kc3
Rc4+ 67. Kd2 Rf4 68. Rg8+ Kf5 69. Ra5 Re4 70. Kd1 Kf4 71. Ra3 Rb4 72. Rh3 Ng4
73. Rf3+ Ke5 74. Re8+ Kd6 75. Rd3+ Kc7 76. Kc2 Rf4 77. Re7+ Kc6 78. Re6+ Kc7 79.
Re2 Ne5 80. Rh3 Kd6 81. Rxh6 Ke6 82. Rh5 Kf7 83. Rh8 Kg6 84. Rg8+ Kf5 85. Kd1
Rf1+ 86. Kd2 Rf4 87. Kc3 Rc4+ 88. Kb3 Rf4 89. Rd2 Ke6 90. Rf8 Kf5 91. Rd6 Kg5
92. Kc3 Rc4+ 93. Kd2 Rg4 94. Rdxf6 Rxg2+ 95. Kc3 Ng4 96. Rf3 Ra2 97. Rg8+ Kh4
98. Rf4 Ra3+ 99. Kd2 Ra2+ 100. Ke1 Ra1+ 101. Ke2 Ra2+ 102. Kd3 Ra3+ 103. Kc2
Ra2+ 104. Kb3 Rg2 105. Kc4 Kh3 106. Kd4 Rg3 107. Rg7 Rg2 108. Rf8 Kg3 109. Rfg8
Kf4 110. Rf7+ Kg3 111. Kd5 Rd2+ 112. Ke6 Re2+ 113. Kd6 Rd2+ 114. Ke7 Ra2 115.
Rf1 Ra7+ 116. Ke6 Ra6+ 117. Kd5 Ra5+ 118. Ke4 Ra4+ 119. Kf5 Ra5+ 120. Kg6 Ra6+
121. Kg5 Ra5+ 122. Rf5 Ra7 123. Rb5 Rf7 124. Kh5 Rh7+ 125. Kg6 Re7 126. Rb4 Re6+
127. Kg7 Re5 128. Ra8 Rg5+ 129. Kf7 Rf5+ 130. Kg6 Rf4 131. Ra3+ Rf3 132. Ra5 Rf4
133. Rb1 Ne3 134. Re5 Kf3 135. Rb3 Re4 136. Rf5+ Rf4 137. Rh5 Rg4+ 138. Kh6 Kf4
139. Rb4+ Kg3 140. Rb3 Kf4 141. Ra5 Nf5+ 142. Kh7 Rg7+ 143. Kh8 Re7 144. Rb4+ 1/2-1/2

[Event "TCh-CHN 2018"]
[Site "China CHN"]
[Date "2018.07.12"]
[Round "10.1"]
[Board "1"]
[White "Li, Shilong"]
[Black "Andreikin, Dmitry"]
[Result "0-1"]
[WhiteTitle "GM"]
[BlackTitle "GM"]
[WhiteElo "2498"]
[BlackElo "2719"]
[WhiteTeam "Guangdong Ding Xin High Tech Team"]
[BlackTeam "Chongqing Team"]
[WhiteFideId "8600678"]
[BlackFideId "4158814"]
[EventDate "2018.04.11"]

1. d4 d5 2. c4 e6 3. Nf3 Nf6 4. g3 Bb4+ 5. Bd2 Be7 6. Bg2 O-O 7. O-O Nbd7 8. Qc2
c6 9. Rd1 Ne4 10. Bc1 f5 11. b3 a5 12. Ba3 b5 13. Bxe7 Qxe7 14. Nbd2 b4 15. cxd5
cxd5 16. Qc7 Nc3 17. Re1 g5 18. a4 Qg7 19. e3 g4 20. Nh4 Nf6 21. Qxg7+ Kxg7 22.
Bf1 Nfe4 23. Nxe4 dxe4 24. Bc4 Bd7 25. Ng2 Rfc8 26. Nf4 Kf6 27. Bf1 Be8 28. Ne2
Nd5 29. Rec1 Bf7 30. Nf4 Nc3 31. Bc4 Ra7 32. Kf1 Rac7 33. Ba6 Rb8 34. Bc4 Rbc8
35. Ba6 Rb8 36. Bc4 Rxc4 37. bxc4 e5 38. dxe5+ Kxe5 39. Ke1 Bxc4 40. Kd2 Rd8+
41. Kc2 Bf7 42. Kb2 Be8 43. Rxc3 bxc3+ 44. Kxc3 Rd6 45. h4 gxh3 46. Nxh3 Rc6+
47. Kb3 Rb6+ 48. Kc3 Rb4 49. Nf4 Rxa4 50. Rh1 h5 51. Nxh5 Ra2 52. Kb3 Rxf2 53.
Nf4 Rf3 54. Re1 Rxg3 55. Kc4 a4 56. Kc3 a3 57. Kd2 a2 58. Rc1 Bf7 59. Ke2 Rf3
60. Rc5+ Kd6 61. Rc1 Bc4+ 0-1

[Event "TCh-CHN 2018"]
[Site "China CHN"]
[Date "2018.07.12"]
[Round "10.1"]
[Board "2"]
[White "Zhao, Chenxi"]
[Black "Zhou, Weiqi"]
[Result "1/2-1/2"]
[BlackTitle "GM"]
[WhiteElo "2328"]
[BlackElo "2597"]
[WhiteTeam "Guangdong Ding Xin High Tech Team"]
[BlackTeam "Chongqing Team"]
[WhiteFideId "8611513"]
[BlackFideId "8601674"]
[EventDate "2018.04.11"]

1. e4 c5 2. Nf3 Nc6 3. Bb5 e5 4. Bxc6 dxc6 5. d3 f6 6. Be3 Be6 7. Nbd2 Qd7 8. a3
a5 9. Qe2 Rd8 10. O-O Qc7 11. Nh4 g5 12. Nf5 Ne7 13. Bxc5 Nxf5 14. exf5 Bxf5 15.
Bxf8 Rxf8 16. f4 gxf4 17. Rxf4 Bg6 18. Raf1 Qe7 19. R4f2 a4 20. Nc4 Rd5 21. Qe3
b5 22. Nd2 Qc5 23. Qh3 f5 24. Ne4 Qe7 25. Nc3 Rd6 26. Re1 Rff6 27. Rxe5 Qxe5 28.
Re2 Rfe6 29. Rxe5 Rxe5 30. Qg3 Rde6 31. h4 Re1+ 32. Kh2 Rf1 33. Qb8+ Kf7 34.
Qc7+ Kf6 35. Qd8+ Kg7 36. Qd7+ Bf7 37. Qd4+ Kf8 38. Qd8+ Be8 39. Qd4 Ree1 40.
Qh8+ Ke7 41. Qxh7+ Kd8 42. Qg7 f4 43. Qd4+ Bd7 44. g4 Kc8 45. Qb6 Re3 46. Qd4
Rc1 47. Kg2 Bxg4 48. Qh8+ Kc7 49. Qg7+ Bd7 50. Ne4 Rxc2+ 51. Kf1 Rc1+ 52. Kf2
Rc2+ 53. Kf1 Rxd3 54. Qe5+ Kd8 55. Qh8+ Kc7 56. Qe5+ Kd8 57. Qh8+ Kc7 58. Qe5+
Kd8 1/2-1/2

[Event "TCh-CHN 2018"]
[Site "China CHN"]
[Date "2018.07.12"]
[Round "10.1"]
[Board "3"]
[White "Xu, Yinglun"]
[Black "Zeng, Chongsheng"]
[Result "1/2-1/2"]
[WhiteTitle "GM"]
[BlackTitle "GM"]
[WhiteElo "2531"]
[BlackElo "2535"]
[WhiteTeam "Guangdong Ding Xin High Tech Team"]
[BlackTeam "Chongqing Team"]
[WhiteFideId "8604940"]
[BlackFideId "8603847"]
[EventDate "2018.04.11"]

1. d4 Nf6 2. c4 e6 3. Nf3 b6 4. g3 Bb7 5. Bg2 Be7 6. O-O O-O 7. Re1 Na6 8. Nc3
Ne4 9. Nxe4 Bxe4 10. Ne5 Bxg2 11. Kxg2 Qc8 12. e4 c6 13. b3 Qb7 14. Bb2 d5 15.
Qf3 Rad8 16. Rac1 Nb8 17. Rc2 a5 18. a3 h6 19. Rec1 Bg5 20. Re1 Be7 21. Rec1 Bg5
22. Re1 Be7 1/2-1/2

[Event "TCh-CHN 2018"]
[Site "China CHN"]
[Date "2018.07.12"]
[Round "10.1"]
[Board "4"]
[White "Lei, Tingjie"]
[Black "Li, Xueyi"]
[Result "1-0"]
[WhiteTitle "GM"]
[WhiteElo "2457"]
[BlackElo "2187"]
[WhiteTeam "Chongqing Team"]
[BlackTeam "Guangdong Ding Xin High Tech Team"]
[WhiteFideId "8605114"]
[BlackFideId "8605912"]
[EventDate "2018.04.11"]

1. e4 c5 2. Nf3 d6 3. d4 cxd4 4. Nxd4 Nf6 5. Nc3 a6 6. Be3 e5 7. Nb3 Be7 8. f3
Be6 9. Qd2 Nbd7 10. g4 O-O 11. O-O-O b5 12. g5 b4 13. gxf6 bxc3 14. Qxc3 Nxf6
15. Na5 d5 16. Nc6 d4 17. Nxd8 dxc3 18. Nxe6 cxb2+ 19. Kxb2 fxe6 20. Bc4 Kf7 21.
Rd3 Rfc8 22. Bb3 Nh5 23. Rhd1 Nf4 24. Rd7 g5 25. a4 a5 26. Rb7 Rcb8 27. Rdd7
Rxb7 28. Rxb7 Kf6 29. Rb6 Kf7 30. Bd2 Bc5 31. Rb5 Bd4+ 32. Ka3 h5 33. Bxa5 g4
34. fxg4 hxg4 35. c3 Be3 36. Bd1 Rh8 37. Bxg4 Rxh2 38. Bb6 Bc1+ 39. Kb3 Rg2 40.
Bd1 Rb2+ 41. Kc4 Rd2 42. Bb3 Re2 43. Rxe5 Ng6 44. Rxe6 Rb2 45. Rxg6 Kxg6 46. a5
Re2 47. Kb5 Rb2 48. Kc4 Re2 49. a6 Rxe4+ 50. Kd3 Re8 51. Bd5 1-0

[Event "TCh-CHN 2018"]
[Site "China CHN"]
[Date "2018.07.12"]
[Round "10.1"]
[Board "5"]
[White "Tan, Zhongyi"]
[Black "Gong, Qianyun"]
[Result "1-0"]
[WhiteTitle "GM"]
[BlackTitle "WGM"]
[WhiteElo "2513"]
[BlackElo "2312"]
[WhiteTeam "Chongqing Team"]
[BlackTeam "Guangdong Ding Xin High Tech Team"]
[WhiteFideId "8603642"]
[BlackFideId "8602425"]
[EventDate "2018.04.11"]

1. d4 e6 2. Nf3 Nf6 3. Bg5 d5 4. Nbd2 c5 5. e3 h6 6. Bh4 Nc6 7. c3 cxd4 8. exd4
Be7 9. Bd3 Nh5 10. Bg3 O-O 11. Qe2 Nxg3 12. hxg3 Bd6 13. Ne5 Re8 14. f4 f6 15.
Qh5 fxe5 16. fxe5 Rf8 17. Qg6 Ne7 18. Qh7+ Kf7 19. Bg6+ Nxg6 20. O-O+ Ke8 21.
Qxg6+ Kd7 22. exd6 Kxd6 23. Qxg7 Rg8 24. Qxh6 Bd7 25. Qf4+ Kc6 26. Nf3 1-0

[Event "TCh-CHN 2018"]
[Site "China CHN"]
[Date "2018.07.12"]
[Round "10.2"]
[Board "1"]
[White "Zou, Chen"]
[Black "Harikrishna, Pentala"]
[Result "0-1"]
[WhiteTitle "FM"]
[BlackTitle "GM"]
[WhiteElo "2384"]
[BlackElo "2729"]
[WhiteTeam "Hangzhou Turbine Team"]
[BlackTeam "China Mobil Shanghai Chess Club"]
[WhiteFideId "8610959"]
[BlackFideId "5007003"]
[EventDate "2018.04.11"]

1. e4 e5 2. Nf3 Nc6 3. Bb5 a6 4. Ba4 Nf6 5. O-O Be7 6. Re1 b5 7. Bb3 d6 8. c3
O-O 9. h3 Nb8 10. d4 Nbd7 11. Nbd2 Bb7 12. Bc2 Re8 13. Nf1 Bf8 14. Ng3 g6 15. a4
Bg7 16. Bd3 c6 17. Bg5 Qc7 18. Qd2 Nf8 19. Bc2 Ne6 20. Bh6 Bh8 21. Rad1 Rad8 22.
dxe5 dxe5 23. Qe3 c5 24. Rxd8 Rxd8 25. Rd1 Rxd1+ 26. Bxd1 Bg7 27. Bxg7 Kxg7 28.
Bc2 Nd7 29. h4 Nf6 30. Ng5 Nf4 31. Nf1 h6 32. Nf3 Qd6 33. axb5 axb5 34. Qd2 Qe7
35. Ng3 b4 36. Qd1 Bc8 37. Bb3 Bg4 38. Bc4 bxc3 39. bxc3 Ne8 40. Nf1 Nd6 41. Bd5
Qxh4 42. Ne3 Qh5 43. Nxg4 Qxg4 44. g3 Nxd5 45. Qxd5 Qxf3 46. Qxd6 Qxc3 0-1